Sports Quiz

Random Sports or Tennis Quiz

2015 ATP Tennis Tournament Winners Quiz Stats

 Plays Quiz not verified by Sporcle

Support Sporcle.
Go Orange.
Score 0/32 Timer 04:00
0 Plays Today
% Correct
Kei Nishikori
96.4%
Roger Federer
94.8%
Andy Murray
94.8%
Stanislas Wawrinka
94.3%
Novak Djokovic
94.3%
Rafael Nadal
94.3%
Tomas Berdych
94.3%
David Ferrer
92.3%
Jo-Wilfried Tsonga
92.3%
Milos Raonic
92.3%
Marin Cilic
90.7%
Richard Gasquet
88.7%
John Isner
85.1%
Kevin Anderson
82.5%
Bernard Tomic
81.4%
Dominic Thiem
80.9%
% Correct
Gilles Simon
77.8%
Ivo Karlovic
73.2%
Jack Sock
72.7%
Victor Troicki
69.6%
Philipp Kohlschreiber
64.9%
Pablo Cuevas
64.4%
Benoit Paire
63.9%
Guillermo Garcia-Lopez
60.3%
Nicolas Mahut
58.2%
Thomaz Bellucci
51.5%
Joao Sousa
51.5%
Victor Estrella Burgos
49%
Rajeev Ram
49%
Martin Klizan
47.9%
Jiri Vesely
43.8%
Denis Istomin
37.1%

You're not logged in!

Compare scores with friends on all Sporcle quizzes.
OR
Log In

From the Vault

Trivia Grid Blitz - US States II

by goc3

Now is probably a bad time to head off the grid.
Remove Ads.
Support Sporcle.
Get the best of Sporcle when you Go Orange. This ad-free experience offers more features, more stats, and more fun while also helping to support Sporcle. Thank you for becoming a member.

Show Comments

Extras

Top Quizzes Today


Score Distribution

Your Account Isn't Verified!

In order to create a playlist on Sporcle, you need to verify the email address you used during registration. Go to your Sporcle Settings to finish the process.

Report this User

Report this user for behavior that violates our Community Guidelines.

Details: